60 câu hỏi tư vấn du lịch

Salvato in:
Dettagli Bibliografici
Autore principale: Phạm Công Sơn
Natura: Libro
Lingua:Undetermined
Pubblicazione: Hà Nội Thanh Niên 2002
Soggetti:
Tags: Aggiungi Tag
Nessun Tag, puoi essere il primo ad aggiungerne! !
Thư viện lưu trữ: Trung tâm Học liệu Trường Đại học Cần Thơ
LEADER 00544nam a2200205Ia 4500
001 CTU_65170
008 210402s9999 xx 000 0 und d
020 |b 10000 
082 |a 915.97 
082 |b S464 
100 |a Phạm Công Sơn 
245 0 |a 60 câu hỏi tư vấn du lịch 
245 0 |c Phạm Công Sơn 
260 |a Hà Nội 
260 |b Thanh Niên 
260 |c 2002 
650 |a vietnam 
650 |x description and travel 
904 |i TUYẾN 
980 |a Trung tâm Học liệu Trường Đại học Cần Thơ